素数大富豪重複無し6枚6桁 - Statistics

General Stats
  • This quiz has been taken 18 times
  • The average score is 37 of 54
Answer Stats
Hint Answer % Correct
986542 856249
100%
865421 864251
100%
876542 865247
100%
764321 764321
86%
854321 854213
86%
865432 854263
86%
865321 865321
86%
876431 876431
86%
964321 964213
86%
986521 968521
86%
987632 983267
86%
986321 986213
86%
986531 986351
86%
986543 986543
86%
987541 987541
86%
987631 987631
86%
754321 754123
71%
876421 862471
71%
876521 875621
71%
876532 876523
71%
985421 952481
71%
987542 954827
71%
965431 964531
71%
976321 976231
71%
987653 976853
71%
986432 982643
71%
987421 984127
71%
985432 984253
71%
985321 985213
71%
986431 986143
71%
987641 986471
71%
987431 987143
71%
987521 987251
71%
987643 987463
71%
987532 987523
71%
765431 765143
57%
874321 874213
57%
875321 875213
57%
965321 956231
57%
965432 965423
57%
974321 974213
57%
976421 974261
57%
976541 974651
57%
987652 986257
57%
765421 765241
43%
876541 874651
43%
875432 875243
43%
875431 875341
43%
976432 963427
43%
975431 974531
43%
975421 975421
43%
976532 976253
43%
976543 976453
43%
976531 976513
43%
No matching quizzes found
Score Distribution
Percent of People with Each Score
Percentile by Number Answered
Your Score History
You have not taken this quiz